| 000 | 00450nam a2200181Ia 4500 | ||
|---|---|---|---|
| 001 | 8044 | ||
| 005 | 20260306160540.0 | ||
| 008 | 260306t2013||||xx |||||||||||||| ||spa|| | ||
| 041 | _aESP | ||
| 082 |
_a370.1 _bC75 V. 14 |
||
| 100 |
_aTrapnell, Lucy _eAUT |
||
| 245 | 0 |
_aDilemas educativos ante la diversidad: _bsiglos XX - XXI |
|
| 260 | _c2013 | ||
| 300 |
_a422 páginas : _c25 cm. |
||
| 650 | _aGEN | ||
| 654 | _aCED | ||
| 942 |
_cLIB _dJUS _fJUS _2ddc _n |
||
| 999 |
_c8044 _d8044 |
||